[Event "Olympiad Women 2024"]
[Site "Budapest HUN"]
[Date "2024.09.20"]
[Round "9.39"]
[Board "3"]
[White "Kinoshita, Kanako"]
[Black "Giulian, Rosemary A"]
[Result "1-0"]
[WhiteElo "1822"]
[BlackElo "1922"]
[PlyCount "93"]
[EventDate "2024.09.11"]
[WhiteTeam "Japan"]
[BlackTeam "Scotland"]
[WhiteTeamCountry "JPN"]
[BlackTeamCountry "SCO"]

1. e4 e6 2. d4 d5 3. exd5 exd5 4. Bd3 Bd6 5. Qf3 c6 6. Ne2 Be6 7. Bf4 Nf6 8. h3 Qc7 9. Nd2 Nbd7 10. O-O O-O-O 11. b4 h6 12. Nb3 $146 ({RR} 12. Qg3 Bxf4 13. Nxf4 Qb6 14. c3 g5 15. Nxe6 fxe6 16. Rae1 Nh5 17. Qe3 Nf4 18. g3 Nxd3 19. Qxd3 Rde8 20. Nf3 Qd8 21. Ne5 Qf6 22. b5 Nxe5 23. Rxe5 c5 24. Qe3 c4 25. f4 Rhf8 26. f5 Qd8 {1-0 Nguyen,P (2070)-Bui,M (1793) VIE-ch U20 Da Lat 2013 (9)}) 12... g5 13. Bxd6 Qxd6 14. Nc5 h5 15. a4 g4 16. Qf4 Qxf4 17. Nxf4 Nxc5 18. dxc5 Bd7 19. Rfe1 Rde8 20. Kf1 Ne4 21. Re3 Ng5 22. Rae1 Rxe3 23. Rxe3 d4 24. Re5 f6 25. Re7 gxh3 26. gxh3 Kd8 27. Rg7 Bc8 28. h4 Nf3 29. Rh7 Rg8 30. Rxh5 Nh2+ 31. Ke1 Rg1+ 32. Kd2 Nf3+ 33. Ke2 Bg4 34. Rh8+ Ke7 35. Bg6 Ne5+ 36. f3 Bxf3+ 37. Kf2 Nxg6 38. Rh7+ Ke8 39. Nxg6 Rxg6 40. Kxf3 Rg1 41. Rxb7 Rc1 42. h5 Rxc2 43. h6 Rh2 44. h7 Kf8 45. Rxa7 Rh3+ 46. Ke2 f5 47. Ra8+ 1-0

[Event "Olympiad Women 2024"]
[Site "Budapest HUN"]
[Date "2024.09.20"]
[Round "9.39"]
[Board "4"]
[White "Bhatia, Kanishka"]
[Black "Takayasu, Melody"]
[Result "1-0"]
[WhiteElo "1908"]
[BlackElo "1768"]
[PlyCount "72"]
[EventDate "2024.09.11"]
[WhiteTeam "Scotland"]
[BlackTeam "Japan"]
[WhiteTeamCountry "SCO"]
[BlackTeamCountry "JPN"]

1. d4 Nf6 2. Nd2 g6 3. e4 d6 4. Ngf3 Bg7 5. Bd3 Nc6 ({RR} 5... Nh5 6. Nb3 O-O 7. O-O e5 8. c3 Nc6 9. h3 h6 10. Bb5 Bd7 11. dxe5 Nxe5 12. Bxd7 Nxd7 13. Re1 Re8 14. Qc2 Qe7 15. Be3 Qxe4 16. Qd2 Ne5 17. Nxe5 dxe5 18. Bxh6 Qc6 19. Bxg7 Nf4 20. f3 {½-½ Anton,T (2316)-Manolache,M (2544) ROM-ch op Sarata Monteoru 2011 (3)}) 6. c3 a6 ({RR} 6... e5 7. dxe5 dxe5 8. Qc2 Nh5 9. Nc4 O-O 10. O-O Nf4 11. Bxf4 exf4 12. Rad1 Qe7 13. Rfe1 Bg4 14. Be2 Rad8 15. h3 Bxf3 16. Bxf3 b5 17. Nd2 Ne5 18. Be2 b4 19. Nf3 bxc3 20. bxc3 Qc5 21. Nxe5 {0-1 Sabatier,M (2133)-Belyakov,B (2381) Titled Tue 11th Jun Early 2024 (4)}) 7. d5 $146 ({RR} 7. a4 Bg4 8. Qc2 e5 9. dxe5 dxe5 10. O-O O-O 11. Re1 h6 12. b3 Nh5 13. Ba3 Re8 14. g3 Qf6 15. Be2 Bh3 16. Nc4 Qe6 17. Ne3 Ne7 18. Red1 Rad8 19. Rd2 Rxd2 20. Nxd2 Nf4 21. gxf4 exf4 {1-0 Prill,G-Federer,H Badenweiler op 1994 (8)}) ({RR} 7. O-O O-O 8. Re1 e5 9. a3 b5 10. d5 Na5 11. b4 Nb7 12. a4 Bd7 13. a5 c6 14. Nb3 cxd5 15. exd5 Nxd5 16. Bb2 Ne7 17. Be4 Bc6 18. Bxc6 Nxc6 19. Qd5 Rc8 20. Rad1 Qe7 21. Nfd4 Qd7 {0-1 Nogueira,J-Monte,E (1726) Fortaleza Inelsa op 3rd 2011 (4)}) ({RR} 7. O-O b5 8. Re1 O-O 9. Nf1 Bd7 10. Ne3 e5 11. d5 Na7 12. c4 bxc4 13. Nxc4 Re8 14. Be3 Ng4 15. Bg5 Qb8 16. h3 Nf6 17. Qd2 Nb5 18. Be3 c5 19. dxc6 Bxc6 20. a4 Na7 21. Nb6 d5 {1-0 Chugunov,V (1952)-Pegov,V (1674) Uljanovsk Volga op 2014 (2)}) 7... Ne5 8. Nxe5 dxe5 9. O-O O-O 10. Nc4 Ne8 11. f4 exf4 12. Bxf4 Nd6 13. Qe2 Nxc4 14. Bxc4 e5 15. Be3 Qd6 16. a4 a5 17. Qf2 b6 18. Bb5 f5 19. Qc2 f4 20. Bf2 g5 21. c4 Rf7 22. c5 Qg6 23. cxb6 cxb6 24. Be8 Ba6 25. Bxf7+ Qxf7 26. Rfd1 Rc8 27. Qd2 g4 28. d6 Qd7 29. Rac1 f3 30. Rxc8+ Bxc8 31. Bxb6 fxg2 32. Qd5+ Kh8 33. Rc1 Bb7 34. Rc7 Qxc7 35. dxc7 Bxd5 36. c8=Q+ Bf8 1-0

[Event "Olympiad Women 2024"]
[Site "Budapest HUN"]
[Date "2024.09.20"]
[Round "9.40"]
[Board "1"]
[White "Shuqja, Klean"]
[Black "Henderson de La Fuente, Andrea"]
[Result "1/2-1/2"]
[WhiteElo "2042"]
[BlackElo "1986"]
[PlyCount "100"]
[EventDate "2024.09.11"]
[WhiteTeam "Albania"]
[BlackTeam "Andorra"]
[WhiteTeamCountry "ALB"]
[BlackTeamCountry "AND"]

1. e4 c6 2. d4 d5 3. exd5 cxd5 4. Bd3 Nc6 5. c3 Qc7 6. Ne2 Bg4 7. O-O e6 8. f3 Bh5 9. Bf4 Bd6 10. Bxd6 Qxd6 11. Ng3 Bg6 12. f4 Bxd3 13. Qxd3 Nf6 14. Nd2 O-O 15. Rae1 Rac8 $146 ({RR} 15... Nd7 16. Qe2 Rae8 17. Nf3 f6 18. Qd2 g6 19. Re2 f5 20. Ne5 Nf6 21. Qe3 Re7 22. Rd1 Rd8 23. b3 b5 24. Nd3 b4 25. cxb4 Nxb4 26. Nxb4 Qxb4 27. Rc2 Ne4 28. Rdc1 Qa5 29. Qe2 Rdd7 30. Rc8+ {1-0 Rieling,T (2081)-Stenner,P (2226) Hamburg St Pauli op-A 2013 (8)}) 16. Qf3 b5 17. a3 Na5 18. Nh5 Nxh5 19. Qxh5 Nc4 20. Nxc4 Rxc4 21. f5 g6 22. Qh6 exf5 23. Rxf5 Qd7 24. Rfe5 Rc7 25. h4 Qd6 26. h5 Rd7 27. Qe3 Rdd8 28. Qh3 a5 29. hxg6 hxg6 30. Qh6 Qf6 31. R1e3 b4 32. axb4 axb4 33. Rh3 Qg7 34. Qxg7+ Kxg7 35. cxb4 Rb8 36. Rxd5 Rxb4 37. Rd7 Rxb2 38. Ra3 Rd2 39. Raa7 Kf6 40. d5 Ke5 41. Re7+ Kf4 42. Rxf7+ Rxf7 43. Rxf7+ Kg3 44. Rf3+ Kg4 45. Rf6 g5 46. d6 Kg3 47. Rf3+ Kg4 48. Rf6 Kg3 49. Rf3+ Kg4 50. Rf6 Kg3 1/2-1/2

[Event "Olympiad Women 2024"]
[Site "Budapest HUN"]
[Date "2024.09.20"]
[Round "9.40"]
[Board "2"]
[White "De la Riva Real, Ariadna"]
[Black "Caku, Kler"]
[Result "0-1"]
[WhiteElo "1823"]
[BlackElo "1859"]
[PlyCount "108"]
[EventDate "2024.09.11"]
[WhiteTeam "Andorra"]
[BlackTeam "Albania"]
[WhiteTeamCountry "AND"]
[BlackTeamCountry "ALB"]

1. e4 e5 2. Nf3 Nc6 3. Nc3 Nf6 4. d4 exd4 5. Nxd4 Bb4 6. Nxc6 bxc6 7. Bd3 d5 8. exd5 cxd5 9. O-O O-O 10. h3 c6 11. Qf3 Bd6 12. Ne2 Be5 ({RR} 12... Nd7 13. Bf4 Qf6 14. Bxd6 Qxd6 15. Rfe1 Rb8 16. b3 Nc5 17. Rad1 Re8 18. c4 Re5 19. cxd5 Nxd3 20. Qxd3 Rxd5 21. Nc3 Rxd3 22. Re8+ Qf8 23. Rxf8+ Kxf8 24. Rxd3 Ke7 25. Rd4 Be6 26. Ra4 Rb7 27. Ne4 {1-0 Bochnicka,V (2398)-Piesik,P (2421) ECo-C TCh-SVK 2023-24 (11.2)}) 13. Rb1 Rb8 14. b3 Re8 15. Bf4 $146 ({RR} 15. Rd1 Ne4 16. c4 Qc7 17. Bxe4 dxe4 18. Qe3 Qa5 19. Bb2 Bc7 20. Bc3 Qh5 21. Qxa7 Rb7 22. Qe3 h6 23. a4 f5 24. a5 Rb8 25. b4 Qf7 26. Nf4 Qxc4 27. Nh5 Re7 28. Bxg7 Rxg7 29. Qxh6 Qf7 {1-0 Lugovskoy,M (2384)-Zverev,L (2322) ch-RUS Blitz 2023 (5.20)}) 15... Qd6 16. Rfe1 Bd7 17. Bxe5 Rxe5 18. Nc3 Rbe8 19. Rxe5 Qxe5 20. Na4 g6 21. Nc5 Qc3 22. Na4 Qe5 23. Nc5 Bc8 24. b4 Kg7 25. Qg3 Qxg3 26. fxg3 d4 27. Kf2 Nd5 28. a3 Bf5 29. Re1 Re3 30. Bxf5 gxf5 31. Nb3 Rc3 32. Nxd4 Rxa3 33. Nxc6 Rc3 34. Nd4 Nxb4 35. Nxf5+ Kf6 36. Ne3 Kg6 37. Re2 a5 38. Ke1 Rxe3 39. Rxe3 Nxc2+ 40. Kd2 Nxe3 41. Kxe3 a4 42. Kd3 Kf5 43. Kc3 Ke4 44. Kb4 Ke3 45. Kxa4 Kf2 46. h4 Kxg3 47. h5 Kxg2 48. Kb3 f5 49. Kc4 f4 50. Kd5 f3 51. Ke6 f2 52. Kf7 f1=Q+ 53. Kg7 Qf5 54. h6 Qg6+ 0-1

[Event "Olympiad Women 2024"]
[Site "Budapest HUN"]
[Date "2024.09.20"]
[Round "9.40"]
[Board "3"]
[White "Shabanaj, Eglantina"]
[Black "Muratet Carmona, Julia"]
[Result "1/2-1/2"]
[WhiteElo "1957"]
[BlackElo "1816"]
[PlyCount "168"]
[EventDate "2024.09.11"]
[WhiteTeam "Albania"]
[BlackTeam "Andorra"]
[WhiteTeamCountry "ALB"]
[BlackTeamCountry "AND"]

1. c4 e6 2. Nc3 Nf6 3. Nf3 d5 4. d4 Be7 5. g3 O-O 6. Bg2 c5 7. cxd5 ({RR} 7. dxc5 Bxc5 8. cxd5 exd5 9. Bg5 Be6 10. O-O Nbd7 11. Nd4 h6 12. Bf4 Qe7 13. Nb3 Bb6 14. Nxd5 Nxd5 15. Bxd5 Nf6 16. Bxe6 Qxe6 17. Qd3 Rfe8 18. Rae1 Rac8 19. Kg2 Qd5+ 20. Qxd5 Nxd5 21. Bc1 a5 {½-½ Ramirez Alvarez,A (2595)-Onischuk,A (2668) USA-ch Saint Louis 2014 (9)}) ({RR} 7. dxc5 dxc4 8. Qa4 Qc7 9. Qxc4 Qxc5 10. Qxc5 Bxc5 11. Ne5 Nbd7 12. Nd3 Be7 13. O-O Rd8 14. Bf4 Nb6 15. Bc7 Rd7 16. Be5 Nfd5 17. Rfd1 f6 18. Bd4 Nxc3 19. Bxc3 Kf7 20. Rac1 Rc7 21. Bb4 Rxc1 {1-0 Tomczak,J (2590)-Poltorak,S (2391) Wlodzimierz Schmidt Mem 2024 (2.5)}) 7... Nxd5 8. e4 cxd4 $146 ({RR} 8... Nf6 9. d5 exd5 10. exd5 Bd6 11. O-O a6 12. a4 Bd7 13. h3 Qc7 14. Bg5 Nh5 15. Nd2 g6 16. Nc4 Bxg3 17. fxg3 Qxg3 18. Ne4 {1-0 Bogdanov,A-Polkhovskiy,I Zakharevich Memorial 40th 2012 (3)}) ({RR} 8... Nxc3 9. bxc3 cxd4 10. cxd4 Bb4+ 11. Bd2 Qa5 12. O-O Bxd2 13. Nxd2 Rd8 14. Nb3 Qa3 15. Qc1 Qd6 16. Rd1 Nc6 17. e5 Qd7 18. Nc5 Qc7 19. Ne4 Qb6 20. Rb1 Qc7 21. Nd6 Rb8 22. Qc4 Bd7 23. Rb2 {1-0 Shyam,N (2413)-Ravi,T (2234) Chennai Velammal rapid op 2019 (8)}) ({RR} 8... Nxc3 9. bxc3 cxd4 10. cxd4 Qa5+ 11. Bd2 Qa6 12. Bf1 Qa3 13. Be2 Bd7 14. O-O Ba4 15. Qb1 Bc6 16. Ne5 Bf6 17. Bb4 Qa4 18. Bxf8 Kxf8 19. Nxc6 Qxc6 20. Rc1 Qd7 21. e5 Bg5 22. Rd1 Qd5 23. Qd3 {1-0 Teich,U (2103)-Reichel,H (1612) Ruhrgebiet VL2 0708 2007 (4.8)}) 9. Qxd4 Nc6 10. Qd2 Nxc3 11. bxc3 Qxd2+ 12. Bxd2 e5 13. O-O Be6 14. Rfb1 Rab8 15. Bf1 f6 16. Be3 b6 17. Bb5 Na5 18. Ba6 Nc4 19. Bxc4 Bxc4 20. Nd2 Bd3 21. Rb3 Rbc8 22. Rc1 f5 23. exf5 Bxf5 24. c4 Be6 25. a4 Rfd8 26. Rb5 Bd7 27. Rxe5 Bf6 28. Rd5 Bxa4 29. Rxd8+ Rxd8 30. Ne4 Bb2 31. Re1 Bc6 32. Bf4 Re8 33. f3 Bd4+ 34. Kg2 a5 35. Rd1 Bxe4 36. Rxd4 Bc6 37. Kf2 Re6 38. Rd8+ Be8 39. Rb8 Kf7 40. Bc7 Rc6 41. Bxb6 Rxc4 42. Rb7+ Kf8 43. Bxa5 Rc2+ 44. Kg1 h6 45. h4 h5 46. Bb4+ Kg8 47. Bd6 Re2 48. Kf1 Re6 49. Bc5 Bc6 50. Rb8+ Kf7 51. f4 Re8 52. Rb6 Bd5 53. Kf2 Re6 54. Rb5 Bc6 55. Ra5 g6 56. Bd4 Be4 57. Be5 Bf5 58. Ke3 Rb6 59. Ra3 Ke6 60. Kd4 Rc6 61. Ra8 Rc2 62. Ra6+ Ke7 63. Kd5 Rd2+ 64. Bd4 Re2 65. Ra7+ Bd7 66. Bc5+ Ke8 67. Ra8+ Kf7 68. Kd6 Rd2+ 69. Ke5 Re2+ 70. Kd4 Rd2+ 71. Ke5 Re2+ 72. Kd5 Rd2+ 73. Bd4 Bc6+ 74. Kxc6 Rxd4 75. Ra3 Kf6 76. Re3 Rd1 77. Kc5 Rd2 78. Kc4 Kf5 79. Re5+ Kf6 80. Rg5 Rd1 81. Kc3 Rd8 82. Kc2 Rd7 83. Ra5 Rd6 84. Rg5 Rd7 1/2-1/2

[Event "Olympiad Women 2024"]
[Site "Budapest HUN"]
[Date "2024.09.20"]
[Round "9.40"]
[Board "4"]
[White "Real Puigdollers, Silvia"]
[Black "Omeri, Eklea"]
[Result "0-1"]
[WhiteElo "1781"]
[BlackElo "1962"]
[PlyCount "78"]
[EventDate "2024.09.11"]
[WhiteTeam "Andorra"]
[BlackTeam "Albania"]
[WhiteTeamCountry "AND"]
[BlackTeamCountry "ALB"]

1. Nf3 c5 2. g3 Nc6 3. Bg2 g6 4. O-O Bg7 5. d3 e5 6. e4 d6 7. c3 Nge7 8. Nbd2 h6 9. a4 Be6 10. Nc4 O-O 11. Ne3 ({RR} 11. Re1 Qd7 12. Nfd2 f5 13. exf5 gxf5 14. f4 exf4 15. gxf4 d5 16. Ne5 Nxe5 17. fxe5 Nc6 18. Nf3 f4 19. d4 cxd4 20. cxd4 Rae8 21. Ra3 Bg4 22. Qd2 Re6 23. Qf2 Rg6 24. Kh1 Qe6 25. Nh4 Rg5 {½-½ Yuffa,D (2527)-Alekseev,E (2622) RUS-ch blitz 2017 (5)}) ({RR} 11. h3 Qd7 12. Kh2 f5 13. exf5 gxf5 14. Nh4 d5 15. Na3 e4 16. d4 cxd4 17. cxd4 Nxd4 18. Qh5 Bf7 19. Qd1 Nec6 20. Nb5 Nxb5 21. axb5 Ne5 22. Be3 Nd3 23. f3 Be6 24. fxe4 fxe4 25. Qh5 Bf7 {1-0 Lebedev,A (1979)-Korchmar,V (2438) Titled Tue 2nd Jan Early 2024 (5)}) 11... d5 12. Qe2 $146 ({RR} 12. exd5 Nxd5 13. Nxd5 Bxd5 14. Be3 b6 15. Qd2 Kh7 16. c4 Bxf3 17. Bxf3 Qd6 18. Bd5 Rad8 19. f4 Nb4 20. fxe5 Qxe5 21. d4 cxd4 22. Bf4 Qe7 23. Bg2 a5 24. Rfe1 Qc5 25. b3 g5 26. Re4 f5 {0-1 Echeguren,G (2446)-Sifres,P Buenos Aires FMDA op-B 1992 (3)}) ({RR} 12. exd5 Nxd5 13. Nxd5 Bxd5 14. Be3 b6 15. Qd2 Kh7 16. b4 cxb4 17. cxb4 Qf6 18. Ng5+ hxg5 19. Bxd5 Rac8 20. Bxg5 Qd6 21. Bxc6 Rxc6 22. Rac1 Rfc8 23. Rxc6 Rxc6 24. Be3 Rc7 25. f4 Rd7 26. fxe5 Bxe5 {½-½ Muharemagic,A (2235)-Siegler,W Mannheim op 1994}) ({RR} 12. exd5 Nxd5 13. Re1 Qd7 14. Nc4 f6 15. Nfd2 Rad8 16. Nb3 b6 17. a5 Nxc3 18. Qc2 Nd5 19. axb6 axb6 20. Rd1 Ncb4 21. Qe2 Bg4 22. f3 Bf5 23. g4 Be6 24. Bd2 Qb5 25. Bc1 Rfe8 26. Bf1 Ne7 {0-1 Paragua,M (2175)-Sion Castro,M (2400) Mondariz 02 1996}) 12... d4 13. Nc4 a6 14. Rd1 b5 15. axb5 axb5 16. Rxa8 Qxa8 17. Ncd2 Rd8 18. h3 Qc8 19. Kh2 Qd7 20. c4 bxc4 21. Nxc4 Bxc4 22. dxc4 f5 23. Ne1 Nb4 24. Nd3 Nxd3 25. Qxd3 Rf8 26. exf5 Qxf5 27. Qxf5 gxf5 28. b3 Rb8 29. Ba3 Rc8 30. Bf1 Kf7 31. Kg1 e4 32. b4 Ra8 33. Bb2 cxb4 34. Bxd4 Rd8 35. Bxg7 Rxd1 36. Bb2 Rd2 37. Be5 b3 38. c5 b2 39. Bc4+ Ke8 0-1

[Event "Olympiad Women 2024"]
[Site "Budapest HUN"]
[Date "2024.09.20"]
[Round "9.41"]
[Board "1"]
[White "Hamouri, Taqwa"]
[Black "Varela La Madrid, Tilsia Carolina"]
[Result "0-1"]
[WhiteElo "1845"]
[BlackElo "2017"]
[PlyCount "88"]
[EventDate "2024.09.11"]
[WhiteTeam "Palestine"]
[BlackTeam "Venezuela"]
[WhiteTeamCountry "PLE"]
[BlackTeamCountry "VEN"]

1. e4 e5 2. Nf3 Nc6 3. Bc4 Bc5 4. c3 Nf6 5. d3 a6 6. a4 Ba7 7. h3 h6 8. Nbd2 d6 9. Bb3 g5 10. Nf1 g4 11. hxg4 Nxg4 12. Ne3 Nxe3 $146 ({RR} 12... Bxe3 13. Bxe3 Nxe3 14. fxe3 Bg4 15. Bd5 Qd7 16. Qb3 Na5 17. Qc2 Bxf3 18. gxf3 O-O-O 19. b4 Nc6 20. b5 Nb8 21. bxa6 Nxa6 22. Rb1 c6 23. Bc4 Nb8 24. a5 d5 25. exd5 cxd5 26. Bb5 Qc7 27. Kf2 {½-½ Goryachkina,A (2558)-Zenin,D (2163) Titled Tue 26th Sep Early 2023 (2)}) 13. fxe3 Qe7 14. Nh4 Qg5 15. Qf3 Be6 16. Bc2 O-O-O 17. d4 Rdf8 18. Nf5 Bxf5 19. exf5 exd4 20. cxd4 Re8 21. Kf1 Kb8 22. Be4 Nxd4 23. exd4 Qe7 24. Rxh6 Rxh6 25. Bxh6 Qxe4 26. Qxe4 Rxe4 27. Rd1 Bxd4 28. Bc1 c5 29. Rd3 Kc7 30. b3 Kc6 31. Rh3 Be5 32. Kf2 b5 33. Kf3 Rb4 34. axb5+ axb5 35. Ke2 c4 36. bxc4 Rxc4 37. Bd2 b4 38. Kd3 Rg4 39. Rf3 b3 40. Rf1 Rxg2 41. Rb1 b2 42. Bb4 Kb5 43. Bd2 Ka4 44. Re1 Kb3 0-1

[Event "Olympiad Women 2024"]
[Site "Budapest HUN"]
[Date "2024.09.20"]
[Round "9.41"]
[Board "2"]
[White "Rovira Contreras, Tairu Manuela"]
[Black "Faqeeh, Yara"]
[Result "1-0"]
[WhiteElo "2022"]
[BlackElo "1671"]
[PlyCount "75"]
[EventDate "2024.09.11"]
[WhiteTeam "Venezuela"]
[BlackTeam "Palestine"]
[WhiteTeamCountry "VEN"]
[BlackTeamCountry "PLE"]

1. d4 Nf6 2. c4 g6 3. Nc3 Bg7 4. e4 d6 5. Be2 O-O 6. Be3 Nbd7 7. g4 e5 8. d5 Nc5 9. f3 a5 10. h4 h5 11. Bg5 hxg4 12. fxg4 Qe8 13. Bxf6 Bxf6 14. g5 $146 ({RR} 14. Qd2 Qe7 15. g5 Bg7 16. O-O-O f5 17. gxf6 Qxf6 18. Kb1 {½-½ Keresztes,R (2253)-Meszaros,G (2273) Kecskemet Caissa IM 04 2012 (3)}) 14... Bh8 15. h5 Qe7 16. Qd2 Bd7 17. O-O-O Be8 18. Nf3 a4 19. Rdg1 c6 20. Bf1 Rb8 21. Kb1 b5 22. Qh2 Bg7 23. h6 Bxh6 24. gxh6 Qf6 25. h7+ Kh8 26. Qh6 Bd7 27. Nh4 Qg7 28. Qe3 b4 29. Nd1 cxd5 30. cxd5 Rbc8 31. Nf2 Qf6 32. Nd3 b3 33. a3 Rc7 34. Nxc5 dxc5 35. Bc4 Rb8 36. Rf1 Qd8 37. Rxf7 Be8 38. Nxg6# 1-0

[Event "Olympiad Women 2024"]
[Site "Budapest HUN"]
[Date "2024.09.20"]
[Round "9.41"]
[Board "3"]
[White "Natsheh, Wajd"]
[Black "Otazo Sanchez, Annyd Gabriela"]
[Result "0-1"]
[WhiteElo "1739"]
[BlackElo "1976"]
[PlyCount "46"]
[EventDate "2024.09.11"]
[WhiteTeam "Palestine"]
[BlackTeam "Venezuela"]
[WhiteTeamCountry "PLE"]
[BlackTeamCountry "VEN"]

1. d4 Nf6 2. Bg5 d5 3. Nc3 Nbd7 4. e4 dxe4 5. f3 exf3 6. Nxf3 e6 ({RR} 6... c6 7. Bd3 h6 8. Bh4 e6 9. O-O Be7 10. Qe1 Qb6 11. Rb1 O-O 12. Ne4 Qd8 13. Rd1 a5 14. Ne5 Nd5 15. Bg3 f5 16. Nc3 Qb6 17. Bf2 a4 18. Ng6 Rf7 19. Nxd5 cxd5 20. Nxe7+ Rxe7 21. b3 {1-0 Averchenko,S (2164)-Gonzalez Vega,A (2092) Titled Tue 9th Jan Early 2024 (4)}) 7. Bc4 Be7 8. Qe2 O-O 9. O-O $146 ({RR} 9. O-O-O a6 10. d5 Nxd5 11. Bxe7 Nxe7 12. Qe4 Rb8 13. Ng5 Ng6 14. h4 Qe7 15. Rdf1 Nc5 16. Qe3 b5 17. Be2 Bb7 18. Qg3 Qd6 19. Qf2 f6 20. Nf3 Nf4 21. Bd1 Ncd3+ 22. cxd3 Nxd3+ {0-1 Van Rijsbergen,F-Coenjaerts,R LiSB-ch C Voerendaal 2001 (6)}) ({RR} 9. O-O-O c6 10. h4 b5 11. Bb3 Qc7 12. Kb1 a5 13. a4 bxa4 14. Nxa4 Ba6 15. c4 Rab8 16. Ka2 Rb7 17. Ne5 Rfb8 18. Rh3 Nxe5 19. dxe5 Nd5 20. Qe4 Rb4 21. Bc2 Bxc4+ 22. Ka1 g6 23. Bd2 Bb3 {0-1 Brizuela Abreu,R (2152)-Santana,L San Cristobal Bolivar op 1st 2012 (10)}) 9... h6 10. Bh4 c6 11. Rae1 b5 12. Bd3 Bb7 13. Ne4 a6 14. Nxf6+ Nxf6 15. Bxf6 Bxf6 16. Qe4 g6 17. h4 Qd5 18. Qf4 Bg7 19. Ne5 c5 20. Qg3 Qxd4+ 21. Kh1 c4 22. Rxf7 Rxf7 23. Qxg6 Qxh4+ 0-1

[Event "Olympiad Women 2024"]
[Site "Budapest HUN"]
[Date "2024.09.20"]
[Round "9.42"]
[Board "1"]
[White "Widjayanti, Lindri Juni"]
[Black "Park, Sunwoo"]
[Result "0-1"]
[WhiteElo "2155"]
[BlackElo "1877"]
[PlyCount "97"]
[EventDate "2024.09.11"]
[WhiteTeam "Indonesia"]
[BlackTeam "South Korea"]
[WhiteTeamCountry "INA"]

1. e4 c5 2. Nf3 Nc6 3. d4 cxd4 4. Nxd4 Nf6 5. Nc3 e5 6. Ndb5 d6 7. Bg5 a6 8. Bxf6 gxf6 9. Na3 b5 10. Nd5 f5 11. Bd3 Be6 12. Qh5 Bg7 13. c3 b4 14. Nxb4 Nxb4 15. cxb4 fxe4 16. Bxe4 d5 17. Bf5 Bxf5 18. Qxf5 Qh4 $146 ({RR} 18... Qb6 19. O-O Qxb4 20. Rfe1 O-O 21. Nc2 Qd6 22. Rad1 Rad8 23. Ne3 Qe6 24. b3 Rfe8 25. Qxe6 fxe6 26. f3 h5 27. g4 e4 28. fxe4 d4 29. Nc4 hxg4 30. e5 Rf8 31. Re4 d3 32. Rxg4 Kh7 33. Nd6 {½-½ Gallegos,P-Arne,M Palo Alto 1991}) 19. O-O-O Qxb4 20. Rxd5 O-O 21. Rd3 e4 22. Rb3 Rac8+ 23. Kb1 Qd4 24. Nc2 Qa4 25. Re1 Rfd8 26. Qf4 Rd3 27. Qg4 Rdd8 28. Qe2 Rb8 29. Qe3 Rdc8 30. Qxe4 Qa5 31. Rd1 Rxb3 32. axb3 Qc5 33. Rd2 a5 34. g4 Bxb2 35. Qc4 Qxc4 36. bxc4 Bc3 37. Re2 Rxc4 38. h3 Bf6 39. Ka2 Rf4 40. Kb3 Bh4 41. Ne3 Rxf2 42. Rxf2 Bxf2 43. Nf5 f6 44. Ka4 Be1 45. Kb5 Kf7 46. Kc4 Kg6 47. Nd4 Bb4 48. Nf3 h6 49. Kd3 0-1

[Event "Olympiad Women 2024"]
[Site "Budapest HUN"]
[Date "2024.09.20"]
[Round "9.42"]
[Board "2"]
[White "Khan, Anastasia"]
[Black "Nugroho, Angel Ruth"]
[Result "1-0"]
[WhiteElo "1859"]
[BlackElo "1939"]
[PlyCount "73"]
[EventDate "2024.09.11"]
[WhiteTeam "South Korea"]
[BlackTeam "Indonesia"]
[BlackTeamCountry "INA"]

1. d4 d5 2. Bf4 c5 3. e3 Nc6 4. Nc3 cxd4 5. exd4 a6 6. Nf3 Bg4 7. h3 ({RR} 7. Be2 e6 8. Ne5 Bxe2 9. Nxe2 Nxe5 10. Bxe5 Ne7 11. O-O Nc6 12. Bg3 Be7 13. c3 O-O 14. Nf4 b5 15. a3 a5 16. b4 Ra7 17. Qe2 Qa8 18. Rac1 axb4 19. axb4 Qb7 20. Nd3 Rfa8 21. h4 Ra3 {1-0 Naroditsky,D (2616)-Holt,C (2553) Titled Tuesday intern op 19th Apr Late blitz 2022 (6)}) ({RR} 7. Be2 e6 8. O-O Nge7 9. h3 Bxf3 10. Bxf3 Nf5 11. Re1 Be7 12. Ne2 Nh4 13. c3 Nxf3+ 14. gxf3 O-O 15. Kh1 Bg5 16. Rg1 Bxf4 17. Nxf4 Qh4 18. Qd2 Kh8 19. Rg4 Qe7 20. Rag1 g6 21. h4 f5 {½-½ Veerbeek,W (1951)-Hylarides,C Open NK Rapid 2024 (7.33)}) 7... Bh5 8. Qd2 $146 ({RR} 8. Be2 e6 9. Ne5 Bxe2 10. Nxe2 Bd6 11. Nd3 Nf6 12. c3 O-O 13. O-O b5 14. a3 a5 15. Re1 Be7 16. Ng3 Rc8 17. Qe2 b4 18. a4 Bd6 19. Qf3 Bxf4 20. Qxf4 bxc3 21. bxc3 Ne7 22. Qd2 Rc7 {½-½ Meister,J (2418)-Dragomarezkij,E (2378) RUS-chT Seniors final 2019 (3.3)}) ({RR} 8. g4 Bg6 9. Bd3 e6 10. Qe2 Rc8 11. O-O-O Bb4 12. Bd2 Nge7 13. Kb1 b5 14. Qe3 Qb6 15. Ne2 Bd6 16. Ne1 b4 17. f4 Kd7 18. Nf3 Bxd3 19. Qxd3 f6 20. Rhe1 h5 21. Qe3 hxg4 22. hxg4 Rce8 {½-½ Drmic,T (2257)-Separovic,T (2112) CRO-chT1B 29th 2021 (9.64)}) ({RR} 8. g4 Bg6 9. Ne5 e6 10. h4 Nxe5 11. dxe5 h5 12. Bd3 Ne7 13. Bxg6 Nxg6 14. Bg3 Bb4 15. gxh5 Ne7 16. Qg4 Bxc3+ 17. bxc3 Nf5 18. O-O Rc8 19. Rab1 Rc4 20. Qf3 Qc7 21. Rb4 Rxb4 22. cxb4 Qxc2 {0-1 Seliverstov,V (2462)-Najer,E (2663) Moscow blitz 72nd 2018 (11)}) 8... e6 9. O-O-O Bb4 10. a3 Ba5 11. Re1 Rc8 12. Re3 Nf6 13. Bg5 Qc7 14. Bxf6 gxf6 15. Kb1 Kd8 16. g4 Bg6 17. Bd3 b5 18. Bxg6 hxg6 19. Qe2 Qf4 20. Qd3 g5 21. Ne2 Qb8 22. Nc1 Qb7 23. Nb3 Bc7 24. Nc5 Qb6 25. Nxe6+ fxe6 26. Rxe6 Bf4 27. Qf5 Kc7 28. Qxf6 Kb8 29. Ne5 Bxe5 30. Rxe5 Qxd4 31. Qd6+ Rc7 32. Rxd5 Qxf2 33. Rxg5 Rxh3 34. Rxh3 Qf1+ 35. Ka2 Qxh3 36. Rg7 Nb4+ 37. axb4 1-0